| 000 | 01284nam a2200325 a 4500 | ||
|---|---|---|---|
| 001 | 000113286 | ||
| 003 | CHAP | ||
| 005 | 20220329144347.0 | ||
| 008 | 170531s2016 mx sm |||||||spa d | ||
| 010 | _a109747 | ||
| 011 | _a110719 | ||
| 040 | _cCHAP | ||
| 090 | _aTesis | ||
| 100 | 1 |
_aCampos Ugalde, Mario Alberto _9132424 |
|
| 245 | 1 | 0 |
_aDiagnóstico agrario para la intervención agroforestal de unidades de producción campesina en La Huasteca Potosina _h[En línea] _cpor Mario Alberto Campos Ugalde. |
| 260 |
_aChapingo, Méx. : _bEl autor, _c2016. |
||
| 500 | _aPara ver el contenido del material haga clic en la liga | ||
| 502 | _aTesis (M.C. en Agroforestería para el Desarrollo Sostenible) -- UACH. Departamento de Enseñanza Investigación en Suelos | ||
| 590 |
_aBATCH _b00 _c20181121 _lUCH01 _h0759 |
||
| 590 |
_aE5765TAJ _b05 _c20170531 _lUCH01 _h1125 |
||
| 590 |
_aE5765TAJ _b05 _c20170531 _lUCH01 _h1126 |
||
| 650 | 1 | 4 |
_aAgricultura de subsistencia _91998 |
| 650 | 1 | 4 |
_aHuertos familiares _xImpacto ecológico _zSan Luis Potosí. _9132426 |
| 650 | 1 | 4 |
_aZonificación ecológica _zSan Luis Potosí. _9132425 |
| 856 |
_a1 _n0001215 |
||
| 856 |
_aFinding aid _uhttp://10.13.5.2/tesis/sist113286.pdf _zTeclea aquí |
||
| 901 | _aBK | ||
| 942 | _cTESIS | ||
| 942 | _n0 | ||
| 999 |
_c109747 _d109747 |
||